000 00777nam a2200181 i 4500
001 165229
003 ES-MaACL
005 20230906213106.0
008 000110s1879 sp |||| | spa d
040 _aCCPB | B
_bspa
_cCCPB | B
100 1 _aSerra y Campdelacreu, José.
_9132660
245 1 3 _aEl archivo municipal de Vich
_b: su historia, su contenido y su restauracion : memoria escrita y presentada al M. I. Ayuntamiento Constitucional de esta ciudad /
_cpor José Serra y Campdelacreu.
260 _aVich :
_b[s.n.],
_c1879 (
_festablecimiento tipográfico de Ramon Anglada y Pujals)
300 _aXIII, [3], 208 p. ;
_c27 cm.
597 _aPort. con esc. xil.
610 2 4 _aArchivo Municipal de Vich-
_xHistoria.
_9134113
852 _aES-MaACL
_jB-3871
_z-- Enc. pasta
999 _c165229
_d165229